000 00500nab a2200145Ia 4500
003 ES-SlBCS
005 20210601133744.0
008 140529s1994 xxu||||| |||| 00| 0 por d
041 _apor
100 1 _aRodrigues, Alcione
_9209290
245 0 0 _aPedagogia pelo e para o trabalho: açao disciplinadora da burguesia e a resistência dos trabalhadores
_c Alcione Rodrigues
650 0 4 _aEducación
_986687
773 0 _tEducaçao e Filosofia
_gvol. 8, nº. 16, 1994, págs. 87-105
_wRev1534
942 _cAR
999 _c601603
_d601603